Biblioteca ESET

Fábulas de todas partes / (Registro nro. 1051)

Detalles MARC
000 -CABECERA
fixed length control field 01752nam a2200385 a 4500
003 - CONTROL NUMBER IDENTIFIER
control field AR-BeUNQ
005 - FECHA Y HORA DE LA ULTIMA TRANSACCION
control field 20240928144053.0
007 - CAMPO FIJO DE DESCRIPCION FIJA - INFORMACION GENERAL
fixed length control field ta
008 - ELEMENTOS DE LONGITUD FIJA-INFORMACION GENERAL
fixed length control field 240928s2018 ag a cr 001 1 spa
015 ## - NATIONAL BIBLIOGRAPHY NUMBER
National bibliography number AR-2018
020 ## - NUMERO INTERNACIONAL NORMALIZADO PARA LIBROS
Número Internacional Normalizado del libro 9789500122672
040 ## - FUENTE DE CATALOGACION
Agencia de catalogación original AR-BaBN
Idioma de catalogación ESPAÑOL
Agencia que realiza la transcripción AR-BaBN
Convenciones de la descripción aacr
Agencia que realiza la modificación AR-BeUNQ
044 ## - COUNTRY OF PUBLISHING/PRODUCING ENTITY CODE
MARC country code ag
ISO country code ar-b
100 1# - ASIENTO PRINCIPAL-NOMBRE PERSONAL
Nombre personal Muñoz Lascano, Pilar,
Fecha asociada al nombre 1977-
245 10 - MENCION DE TITULO
Título Fábulas de todas partes /
Mención de responsabilidad, etc versiones de Pilar Muñoz Lascano ; ilustraciones de Paola de Gaudio.
250 ## - MENCION DE EDICION
Mención de edición 1a ed.
260 ## - PUBLICACION, DISTRIBUCION, ETC.
Lugar de publicación, distribución, etc. San Isidro :
Nombre del editor, distribuidor, etc. Estrada,
Fecha de publicación, distribución, etc 2018.
300 ## - DESCRIPCION FISICA
Extensión 79 p. :
Otros detalles físicos il. byn ;
Dimensiones 19 cm.
490 1# - MENCION DE SERIE
Mención de serie Azulejos. Serie Naranja
Designación numérica/secuencial del volumen 65
500 ## - NOTA GENERAL
Nota general Actividades: p. [73]-79.
520 3# - NOTA DE RESUMEN, ETC
Nota de resumen, etc. De Oriente y de Occidente, de Europa y de América, las fábulas nos llegan con sus historias breves, animadas y llenas de sabiduría. A través de siglos de tradición oral, en las transcripciones de sus primeros autores o en versiones más modernas, todas ellas pretenden enseñar su cuota de verdad.
Assigning source (Descripción del editor).
650 #7 - ASIENTO SECUNDARIO DE MATERIA - TERMINO TEMATICO
Término temático o nombre geográfico como elemento de entrada Literatura (Arte)
Fuente del encabezamiento o términ spines
650 #7 - ASIENTO SECUNDARIO DE MATERIA - TERMINO TEMATICO
Término temático o nombre geográfico como elemento de entrada Literatura infantil
Fuente del encabezamiento o términ ttll
655 #4 - TERMINO DE INDIZACION - GENERO/FORMA
Datos o término principal de género/forma Fábulas en verso
Fuente del encabezamiento o término de indización ttll
655 #4 - TERMINO DE INDIZACION - GENERO/FORMA
Datos o término principal de género/forma Fábulas en prosa
Fuente del encabezamiento o término de indización ttll
655 #4 - TERMINO DE INDIZACION - GENERO/FORMA
Datos o término principal de género/forma Literatura infantil
655 #7 - TERMINO DE INDIZACION - GENERO/FORMA
Datos o término principal de género/forma Adaptación
Fuente del encabezamiento o término de indización ttll
700 1# - ASIENTO SECUNDARIO - NOMBRE DE PERSONA
Personal name Gaudio, Paola de,
Dates associated with a name 1969-
Relator term ilustradora
Relationship ill
830 #0 - ASIENTO SECUNDARIO DE SERIE--TITULO UNIFORME
Título uniforme Azulejos (Estrada).
Name of part/section of a work Serie Naranja
Designación numérica/secuencial del volumen 65
929 ## - DATOS DE ADQUISICION
Procedencia COMPRA
Proveedor Ciencia y Técnica
Orden de compra Compra 2023 Exp. 827-2000/2023
Precio 6500
Fecha de recibido 20240116
Patrimonio UNQ PAT0081307
Es copia 1
Número de inventario 62534
929 ## - DATOS DE ADQUISICION
Procedencia COMPRA
Proveedor Ciencia y Técnica
Orden de compra Compra 2023 Exp. 827-2000/2023
Precio 6500
Fecha de recibido 20240116
Patrimonio UNQ PAT0081308
Es copia 2
Número de inventario 62535
929 ## - DATOS DE ADQUISICION
Procedencia COMPRA
Proveedor Ciencia y Técnica
Orden de compra Compra 2023 Exp. 827-2000/2023
Precio 6500
Fecha de recibido 20240116
Patrimonio UNQ PAT0081309
Es copia 3
Número de inventario 62536
942 ## - ELEMENTOS DE PUNTO DE ACCESO ADICIONAL (KOHA)
Tipo de ítem Koha Libros
Existencias
Estado de retiro Estado de pérdida Ubicación permanente Ubicación actual Ubicación en estantería Fecha de ingreso Total Checkouts Signatura topográfica completa Inventario Date last seen Número de copia Tipo de ítem Koha
    Biblioteca ESET - UNQ Biblioteca ESET - UNQ CIRCULACION 28/09/2024   860 MUÑ 62534 28/09/2024 1 Libros
    Biblioteca ESET - UNQ Biblioteca ESET - UNQ CIRCULACION 28/09/2024   860 MUÑ 62535 28/09/2024 2 Libros
    Biblioteca ESET - UNQ Biblioteca ESET - UNQ CIRCULACION 28/09/2024   860 MUÑ 62536 28/09/2024 3 Libros

ESET UNQ

☏ 4365-7188
 Avenida República de Francia 1714 entre Doctor Kenny y Concordia, Ezpeleta, Bs As.
✉ secretaria_eset@unq.edu.ar

Con tecnología Koha